000 01316cam a22003497a 4500
003 CHAP
005 20220817044046.0
008 051103s2004 mx a r 00010 spa d
010 _a91260
011 _a92232
020 _a968020099X
035 _a102796
040 _cCHAP
082 0 4 _a338.162
_bC6
100 0 0 _aCorlay Chee, Langen.
_928007
245 1 0 _aAlternativas para la producción agrícola sustentable
_c/coord. por Langen Corlay Chee
260 _aChapingo, Méx. :
_bUACH. Programa Universitario de Investigación en Diagnóstico, Conservación y Rehabilitación del Suelo,
_c2004.
300 _a111 h. :
_bilus. ; gráfs.
590 _aBATCH-UPD
_b10
_c20130110
_lUCH01
_h0820
590 _aBATCH-UPD
_b10
_c20130410
_lUCH01
_h0457
590 _aBATCH-UPD
_b10
_c20130913
_lUCH01
_h2224
590 _aCONVERSION
_b10
_c20130109
_lUCH01
_h1351
650 0 4 _aAgricultura sustentable.
650 0 4 _aCultivos
_xRendimiento.
_930318
650 0 4 _aSuelos
_xConservación.
_9110283
901 _aBK
905 _aAlejandra Carrasco M.
942 _cLIBRO
949 _a338.162 C6
_bBC
_cLIBRO
_d33724000970992
_eLIBRO
_h107400
_i102796
_sb
949 _a338.162 C6
_bBC
_cLIBRO
_d33724002173835
_eLIBRO
_fc.3
_gI.c/e
_h112831
_i102796
_sb
949 _a338.162 C6
_bBC
_cUACH
_d33724000992350
_eUACH
_fc.2
_h107401
_i102796
_sb
999 _c91260
_d91260